000 00830nam a2200313 4500
001 000354299
003 DO-SdBNP
005 20220713115947.0
007 000354299
008 931028s1989 sp |||spa
017 _a
_b
020 _a
035 _a
040 _aBPMSU
_bspa
_cBPMSU
_e
080 0 _a
082 _a823.914
_bG619s 1989
_222
100 1 _aGolding, William
_d1911-1993
240 1 0 _aLord of the flies
_lEspañol
245 1 3 _aEl señor de las moscas /
_cWilliam Golding ; traducción Camen Vergara
_h
250 _a
260 _a[Barcelona] :
_bOnda Joven
_c1993
300 _a274 p.
_c23 cm.
490 0 _aCírculo de lectores ;
_aOnda joven
650 4 _aNovela inglesa
650 4 _aLiteratura inglesa
700 1 _aVergara, Carmen
_etraductor
910 _aVMateo V.
942 _2ddc
_cBK
999 _c9066
_d9066